[Event "Oberliga Ost-A 1415"]
[Site "Germany"]
[Date "2014.11.09"]
[Round "4.2"]
[White "Zebisch, Paul"]
[Black "Siedentopf, Daniel"]
[Result "1-0"]
[WhiteElo "2186"]
[BlackElo "2321"]
[PlyCount "49"]
[EventDate "2014.09.21"]
[EventType "team-tourn"]
[EventRounds "11"]
[EventCountry "GER"]
[SourceTitle "EXT 2016"]
[Source "ChessBase"]
[SourceDate "2015.10.08"]
[SourceVersion "1"]
[SourceVersionDate "2015.10.08"]
[SourceQuality "1"]
[WhiteTeam "Leipzig SG II"]
[BlackTeam "Dresden Gruen Weiss"]
[WhiteTeamCountry "GER"]
[BlackTeamCountry "GER"]

1. e4 e6 2. d4 d5 3. Nd2 Nf6 4. e5 Nfd7 5. Bd3 c5 6. c3 Nc6 7. Ne2 cxd4 8. cxd4 f6 9. exf6 Nxf6 10. Nf3 Bd6 11. 0-0 Qc7 12. Bd2 0-0 13. Rc1 Bd7 14. Re1 Rae8 15. Bb1 Qb6 16. Bc3 Re7 17. Ng3 Be8 18. Ng5 Nd8 19. Qd2 h6 20. Ba5 Bf4 21. Bxb6 Bxd2 22. Bxd8 Rd7 23. Nxe6 Bf7 24. Nxf8 Rxd8 25. Ng6 1-0

[Event "Oberliga Ost-A 1415"]
[Site "Germany"]
[Date "2014.10.19"]
[Round "3.1"]
[White "Zebisch, Paul"]
[Black "Lechtynsky, Jiri"]
[Result "1/2-1/2"]
[WhiteElo "2186"]
[BlackElo "2366"]
[PlyCount "49"]
[EventDate "2014.09.21"]
[EventType "team-tourn"]
[EventRounds "11"]
[EventCountry "GER"]
[SourceTitle "EXT 2016"]
[Source "ChessBase"]
[SourceDate "2015.10.08"]
[SourceVersion "1"]
[SourceVersionDate "2015.10.08"]
[SourceQuality "1"]
[WhiteTeam "Leipzig SG II"]
[BlackTeam "Hoyerswerda"]
[WhiteTeamCountry "GER"]
[BlackTeamCountry "GER"]

1. e4 c6 2. d4 d5 3. Nc3 dxe4 4. Nxe4 Nf6 5. Nxf6+ exf6 6. c3 Bd6 7. Bd3 0-0 8. Qc2 Re8+ 9. Ne2 g6 10. Be3 f5 11. 0-0-0 Nd7 12. h4 Nf6 13. Bg5 Be7 14. Bxf6 Bxf6 15. h5 Be6 16. Kb1 Qd6 17. g3 Bd5 18. Rhg1 Bf3 19. hxg6 hxg6 20. Rde1 c5 21. g4 fxg4 22. Bxg6 fxg6 23. Qxg6+ Kf8 24. Qh6+ Kf7 25. Qh5+ 1/2-1/2

[Event "BL2-Ost 1213"]
[Site "Germany"]
[Date "2012.12.09"]
[Round "4.6"]
[White "Hoffmeyer, Falk"]
[Black "Zebisch, Paul"]
[Result "1/2-1/2"]
[WhiteElo "2302"]
[BlackElo "2185"]
[PlyCount "67"]
[EventDate "2012.10.14"]
[EventType "team-tourn"]
[EventRounds "9"]
[EventCountry "GER"]
[SourceTitle "CBM 154 Extra"]
[Source "ChessBase"]
[SourceDate "2013.06.25"]
[SourceVersion "2"]
[SourceVersionDate "2013.06.25"]
[SourceQuality "1"]
[WhiteTeam "Zugzwang MSA"]
[BlackTeam "Leipzig SG"]
[WhiteTeamCountry "GER"]
[BlackTeamCountry "GER"]

1. d4 Nf6 2. Bg5 g6 3. Bxf6 exf6 4. e3 d5 5. c4 Bf5 6. Nc3 dxc4 7. Bxc4 c6 8. Qb3 Qe7 9. Nf3 Bh6 10. 0-0 0-0 11. a4 a5 12. Rfd1 Na6 13. Bxa6 Rxa6 14. d5 Qb4 15. Qa3 Bg4 16. Qxb4 axb4 17. Ne4 cxd5 18. Rxd5 Rc8 19. Rc5 Rd8 20. Rcc1 Bf8 21. Nd4 Rd5 22. Nb5 Re5 23. Nc7 Rxe4 24. Nxa6 bxa6 25. f3 Bxf3 26. gxf3 Rxe3 27. Kf2 Re5 28. Rc8 Kg7 29. Rac1 Rh5 30. Kg1 Rf5 31. Kg2 Rg5+ 32. Kf1 Rf5 33. Kg2 Rg5+ 34. Kf1 1/2-1/2

[Event "BL2-Ost 1213"]
[Site "Germany"]
[Date "2012.10.14"]
[Round "1.7"]
[White "Rosko, Lubos"]
[Black "Zebisch, Paul"]
[Result "1-0"]
[WhiteElo "2311"]
[BlackElo "2185"]
[PlyCount "57"]
[EventDate "2012.10.14"]
[EventType "team-tourn"]
[EventRounds "9"]
[EventCountry "GER"]
[SourceTitle "CBM 154 Extra"]
[Source "ChessBase"]
[SourceDate "2013.06.25"]
[SourceVersion "2"]
[SourceVersionDate "2013.06.25"]
[SourceQuality "1"]
[WhiteTeam "Aue Nickelhuette"]
[BlackTeam "Leipzig SG"]
[WhiteTeamCountry "GER"]
[BlackTeamCountry "GER"]

1. d4 Nf6 2. c4 d6 3. Nf3 g6 4. g3 Bg7 5. Bg2 Nbd7 6. 0-0 0-0 7. Nc3 c6 8. e4 e5 9. h3 Qe7 10. Re1 b6 11. b3 Bb7 12. Ba3 c5 13. dxe5 Nxe5 14. Qc2 Nxf3+ 15. Bxf3 Nd7 16. Bg2 Ne5 17. Bb2 Rfd8 18. Rad1 Qf8 19. Nd5 Bxd5 20. cxd5 f6 21. f4 Nf7 22. h4 Qe7 23. Bh3 Kh8 24. Be6 Rf8 25. Kg2 Rae8 26. h5 g5 27. h6 Bxh6 28. Rh1 Kg7 29. e5 1-0

[Event "BL2-Ost 1112"]
[Site "Germany"]
[Date "2011.10.24"]
[Round "2.5"]
[White "Meier, Volker"]
[Black "Zebisch, Paul"]
[Result "1/2-1/2"]
[WhiteElo "2292"]
[BlackElo "2185"]
[PlyCount "80"]
[EventDate "2011.10.02"]
[EventType "team-tourn"]
[EventRounds "9"]
[EventCountry "GER"]
[SourceTitle "EXT 2015"]
[Source "ChessBase"]
[SourceDate "2014.11.20"]
[SourceVersion "1"]
[SourceVersionDate "2014.11.20"]
[SourceQuality "1"]
[WhiteTeam "Muenchen Tarrasch"]
[BlackTeam "Leipzig SG"]
[WhiteTeamCountry "GER"]
[BlackTeamCountry "GER"]

1. e4 e5 2. Nf3 Nc6 3. Nc3 Nf6 4. g3 d5 5. exd5 Nxd5 6. Bg2 Bg4 7. h3 Bh5 8. 0-0 Nxc3 9. bxc3 Bd6 10. Rb1 Rb8 11. d3 0-0 12. g4 Bg6 13. Ng5 h6 14. Ne4 Ne7 15. f4 Bxe4 16. Bxe4 exf4 17. Bxf4 Bxf4 18. Rxf4 Nd5 19. Bxd5 Qxd5 20. c4 Qc5+ 21. Kg2 Rfe8 22. Qf3 Re3 23. Qd5 Re2+ 24. Kg3 Qxd5 25. cxd5 Rxc2 26. Ra4 Rc3 27. Rxa7 Rxd3+ 28. Kg2 Rxd5 29. Raxb7 Rxb7 30. Rxb7 Rd2+ 31. Kg3 Rxa2 32. Rxc7 Ra3+ 33. Kg2 h5 34. Rc8+ Kh7 35. Rc5 hxg4 36. hxg4 Kg6 37. Rb5 f6 38. Rc5 Re3 39. Rb5 Re5 40. Rb7 Kh6 1/2-1/2

[Event "Leipzig VfB op 16th"]
[Site "Leipzig"]
[Date "2009.04.03"]
[Round "6"]
[White "Zebisch, Paul"]
[Black "Natsidis, Christoph"]
[Result "0-1"]
[WhiteElo "2181"]
[BlackElo "2302"]
[PlyCount "95"]
[EventDate "2009.03.31"]
[EventType "swiss"]
[EventRounds "9"]
[EventCountry "GER"]
[SourceTitle "EXT 2010"]
[Source "ChessBase"]
[SourceDate "2010.11.25"]
[SourceVersion "1"]
[SourceVersionDate "2010.11.25"]
[SourceQuality "1"]

1. e4 e6 2. d4 d5 3. Nd2 Be7 4. Ngf3 Nf6 5. e5 Nfd7 6. Bd3 c5 7. c3 Nc6 8. 0-0 a5 9. Re1 cxd4 10. cxd4 g5 11. Nf1 g4 12. N3d2 h5 13. Ng3 Nxd4 14. Ndf1 Nc5 15. Bb1 Nc6 16. Be3 Nd7 17. Qa4 h4 18. Nh1 Bb4 19. Bd2 Bxd2 20. Nxd2 Qg5 21. f4 Qd8 22. f5 Qb6+ 23. Kf1 Qa6+ 24. Kg1 Qb6+ 25. Kf1 Qa6+ 26. Kg1 Qa7+ 27. Kf1 Qd4 28. Qxd4 Nxd4 29. fxe6 fxe6 30. Bg6+ Ke7 31. Kf2 Nc6 32. Bd3 Ndxe5 33. Bb5 Bd7 34. Bxc6 Nxc6 35. Nb3 Kd6 36. Rad1 e5 37. Ke3 a4 38. Nd2 Nd4 39. Rf1 Rhf8 40. Nb1 Nf5+ 41. Kd2 d4 42. Nf2 Ne3 43. Ne4+ Ke7 44. Rxf8 Rxf8 45. Rc1 Bc6 46. Kd3 Nxg2 47. Nbd2 Rc8 48. Rc5 0-1

[Event "GER-ch U18"]
[Site "Willingen"]
[Date "2007.05.28"]
[Round "3"]
[White "Zebisch, Paul"]
[Black "Hirneise, Tobias"]
[Result "1/2-1/2"]
[WhiteElo "2172"]
[BlackElo "2315"]
[PlyCount "75"]
[EventDate "2007.05.26"]
[EventType "swiss"]
[EventRounds "9"]
[EventCountry "GER"]
[SourceTitle "CBM 118 Extra"]
[Source "ChessBase"]
[SourceDate "2007.07.04"]
[SourceVersion "1"]
[SourceVersionDate "2007.07.04"]
[SourceQuality "1"]

1. e4 c5 2. Nf3 d6 3. d4 cxd4 4. Nxd4 Nf6 5. Nc3 Nc6 6. Bg5 e6 7. Be2 a6 8. 0-0 Be7 9. a4 Bd7 10. Kh1 0-0 11. Nb3 Qc7 12. Qd2 Rfd8 13. Rad1 Be8 14. Be3 d5 15. exd5 Nxd5 16. Nxd5 Rxd5 17. Qc3 Bf6 18. Qb4 b5 19. axb5 axb5 20. Qe4 Rxd1 21. Rxd1 Rd8 22. c3 Rxd1+ 23. Bxd1 Qd8 24. Bc2 g6 25. Qd3 Qxd3 26. Bxd3 b4 27. Bd2 bxc3 28. bxc3 Ne5 29. Be2 Ba4 30. Nc5 Bc6 31. f4 Nd7 32. Nxd7 Bxd7 33. Bf3 Bb5 34. Kg1 Kf8 35. Kf2 Ke7 36. Ke1 Kd6 37. g3 Bc4 38. Kf2 1/2-1/2

[Event "Saarbruecken-chT U20"]
[Site "Saarbruecken"]
[Date "2006.11.22"]
[Round "3.1"]
[White "Dinger, Florian"]
[Black "Zebisch, Paul"]
[Result "1-0"]
[WhiteElo "2279"]
[BlackElo "2148"]
[PlyCount "67"]
[EventDate "2006.11.??"]
[EventType "team"]
[EventRounds "7"]
[EventCountry "GER"]
[SourceTitle "EXT 2008"]
[Source "ChessBase"]
[SourceDate "2007.11.25"]
[SourceVersion "1"]
[SourceVersionDate "2007.11.25"]
[SourceQuality "1"]

1. e4 e5 2. Nf3 Nc6 3. Bb5 a6 4. Bxc6 dxc6 5. 0-0 Bg4 6. h3 h5 7. d3 Qf6 8. Be3 Bxf3 9. Qxf3 Qxf3 10. gxf3 Bd6 11. Nd2 c5 12. Nc4 Ne7 13. f4 exf4 14. Nxd6+ cxd6 15. Bxf4 0-0-0 16. f3 Ng6 17. Be3 Rhe8 18. Kf2 Ne7 19. Rg1 g6 20. Bg5 Rd7 21. Bxe7 Rdxe7 22. Rg5 Re5 23. Rag1 Rxg5 24. Rxg5 Re5 25. f4 Re8 26. Kf3 Kd7 27. f5 Rg8 28. Kf4 Ke7 29. h4 b5 30. c3 Kf6 31. b3 Rc8 32. fxg6 fxg6 33. Rd5 Rc6 34. Rxd6+ 1-0

[Event "GER-ch U18"]
[Site "Willingen"]
[Date "2006.06.09"]
[Round "9"]
[White "Zebisch, Paul"]
[Black "Baeumler, Ilja"]
[Result "1-0"]
[WhiteElo "2039"]
[BlackElo "2209"]
[PlyCount "129"]
[EventDate "2006.06.03"]
[EventType "swiss"]
[EventRounds "9"]
[EventCountry "GER"]
[SourceTitle "EXT 2007"]
[Source "ChessBase"]
[SourceDate "2006.11.23"]
[SourceVersion "1"]
[SourceVersionDate "2006.11.23"]
[SourceQuality "1"]

1. e4 g6 2. d4 Bg7 3. Nc3 c5 4. Nf3 cxd4 5. Nxd4 Nc6 6. Be3 Nf6 7. Bc4 Qa5 8. 0-0 0-0 9. Bb3 Qh5 10. Qxh5 Nxh5 11. Rad1 Nf6 12. f3 d6 13. Nd5 Nxd5 14. Bxd5 Bd7 15. c3 Rfc8 16. Rd2 Na5 17. Bg5 Kf8 18. Nb3 Nc6 19. Re1 h6 20. Bh4 Nd8 21. Nd4 Rab8 22. f4 Nc6 23. e5 Nxd4 24. cxd4 e6 25. Bb3 d5 26. g4 a5 27. f5 a4 28. Bc2 g5 29. Bf2 Ke8 30. fxe6 fxe6 31. Be3 Kf7 32. Rf2+ Kg8 33. Bg6 Rf8 34. Rc1 Rxf2 35. Kxf2 Bc6 36. Bd3 Bf8 37. Bd2 Be7 38. Ke3 Kg7 39. a3 Rf8 40. Bb4 Rf7 41. Bxe7 Rxe7 42. Rc5 Rf7 43. Bb5 Bxb5 44. Rxb5 h5 45. h3 hxg4 46. hxg4 Kf8 47. Rb6 Rf4 48. Rxe6 Rxg4 49. Rd6 Rg3+ 50. Kf2 Rb3 51. Rxd5 Rxb2+ 52. Kg3 Rb3+ 53. Kg4 Rxa3 54. Ra5 Ke7 55. Kf5 Rf3+ 56. Ke4 g4 57. Rxa4 Rb3 58. Ra8 g3 59. Rg8 Kf7 60. Rg4 b5 61. d5 b4 62. e6+ Kf6 63. Rf4+ Ke7 64. Rf7+ Kd6 65. Kd4 1-0

[Event "Sachsen-ch U18"]
[Site "Sebnitz"]
[Date "2006.04.21"]
[Round "7"]
[White "Zebisch, Paul"]
[Black "Haense, Felix"]
[Result "1-0"]
[WhiteElo "2039"]
[BlackElo "1724"]
[PlyCount "63"]
[EventDate "2006.04.18"]
[EventType "swiss"]
[EventRounds "7"]
[EventCountry "GER"]
[SourceTitle "EXT 2007"]
[Source "ChessBase"]
[SourceDate "2006.11.23"]
[SourceVersion "1"]
[SourceVersionDate "2006.11.23"]
[SourceQuality "1"]

1. e4 c5 2. Nf3 e6 3. d4 cxd4 4. Nxd4 Nf6 5. Nc3 Nc6 6. Nxc6 bxc6 7. e5 Nd5 8. Nxd5 exd5 9. Bf4 g5 10. Bg3 Qb6 11. Bd3 h5 12. h4 Qxb2 13. 0-0 Qd4 14. c3 Qxc3 15. Qe2 Be7 16. e6 dxe6 17. Be5 Qc5 18. Bxh8 g4 19. Be5 Bd7 20. Bg3 f5 21. Qd2 Bf6 22. Rac1 Qf8 23. Rfe1 Bg7 24. Qg5 Bh6 25. Qg6+ Kd8 26. Rb1 Qg7 27. Rxe6 Bxe6 28. Qxe6 f4 29. Qxc6 Rc8 30. Qxd5+ Qd7 31. Qxd7+ Kxd7 32. Bf5+ 1-0

[Event "Sachsen-ch U18"]
[Site "Sebnitz"]
[Date "2006.04.18"]
[Round "1"]
[White "Morawitz, Falk"]
[Black "Zebisch, Paul"]
[Result "1/2-1/2"]
[WhiteElo "1733"]
[BlackElo "2039"]
[PlyCount "69"]
[EventDate "2006.04.18"]
[EventType "swiss"]
[EventRounds "7"]
[EventCountry "GER"]
[SourceTitle "EXT 2007"]
[Source "ChessBase"]
[SourceDate "2006.11.23"]
[SourceVersion "1"]
[SourceVersionDate "2006.11.23"]
[SourceQuality "1"]

1. e4 e5 2. f4 d5 3. exd5 e4 4. d3 Bf5 5. Nc3 Bb4 6. Bd2 Nf6 7. dxe4 Bxc3 8. exf5 Bxb2 9. Qe2+ Kf8 10. Bb4+ Kg8 11. Rb1 Bd4 12. c3 a5 13. Be7 Bxc3+ 14. Kf2 Bd4+ 15. Ke1 Qd7 16. Bxf6 Bxf6 17. Rxb7 Na6 18. Qc4 h6 19. Qc6 Re8+ 20. Be2 Qxc6 21. dxc6 Nc5 22. Rxc7 Bd8 23. Rb7 Nxb7 24. cxb7 a4 25. Nf3 Ba5+ 26. Kf2 Bb6+ 27. Kg3 Kh7 28. Rb1 Bc7 29. Bb5 Re4 30. Bc6 Bxf4+ 31. Kg4 h5+ 32. Kxh5 Re2 33. Ng5+ Bxg5 34. b8Q Rxb8 35. Rxb8 1/2-1/2

[Event "Sachsen-ch U16"]
[Site "Sebnitz"]
[Date "2005.03.31"]
[Round "5"]
[White "Zebisch, Paul"]
[Black "Fischer, Sven"]
[Result "0-1"]
[WhiteElo "1994"]
[BlackElo "1620"]
[PlyCount "50"]
[EventDate "2005.03.29"]
[EventType "swiss"]
[EventRounds "7"]
[EventCountry "GER"]
[SourceTitle "EXT 2007"]
[Source "ChessBase"]
[SourceDate "2006.11.23"]
[SourceVersion "1"]
[SourceVersionDate "2006.11.23"]
[SourceQuality "1"]

1. e4 d6 2. d4 Nf6 3. Bd3 Nbd7 4. Be3 c6 5. f4 e5 6. c3 Qe7 7. Qf3 g6 8. Ne2 Bg7 9. Nd2 b6 10. Nc4 Bb7 11. Rf1 exd4 12. Nxd4 Nc5 13. 0-0-0 Nxd3+ 14. Rxd3 0-0 15. Nxd6 Qxd6 16. e5 Qc7 17. exf6 Bxf6 18. Ne2 c5 19. Qf2 Qc6 20. g3 Qa4 21. a3 Be4 22. Rd2 Qb3 23. f5 Rad8 24. fxg6 Rxd2 25. Kxd2 Qxb2+ 0-1

[Event "Sachsen-ch U16"]
[Site "Sebnitz"]
[Date "2005.03.29"]
[Round "2"]
[White "Haense, Felix"]
[Black "Zebisch, Paul"]
[Result "1/2-1/2"]
[WhiteElo "1730"]
[BlackElo "1994"]
[PlyCount "67"]
[EventDate "2005.03.29"]
[EventType "swiss"]
[EventRounds "7"]
[EventCountry "GER"]
[SourceTitle "EXT 2007"]
[Source "ChessBase"]
[SourceDate "2006.11.23"]
[SourceVersion "1"]
[SourceVersionDate "2006.11.23"]
[SourceQuality "1"]

1. Nf3 Nf6 2. g3 g6 3. Bg2 Bg7 4. 0-0 0-0 5. d3 d5 6. Nc3 c5 7. e4 dxe4 8. dxe4 Qxd1 9. Rxd1 Bg4 10. Be3 Nfd7 11. Rd2 Bxc3 12. bxc3 Nc6 13. h3 Bxf3 14. Bxf3 Nb6 15. Bxc5 Nc4 16. Rdd1 b6 17. Be3 Nxe3 18. fxe3 Ne5 19. Bg4 e6 20. Be2 Rfc8 21. c4 Nxc4 22. Bxc4 Rxc4 23. Rd7 Rxe4 24. Rf1 f5 25. Rfd1 Rxe3 26. Kf2 Re5 27. Re7 Rd5 28. Re1 Rc8 29. R1xe6 Rxc2+ 30. Kf3 Rdd2 31. Kf4 Rd3 32. Kg5 Rd8 33. Kh6 Rc3 34. Rg7+ 1/2-1/2

[Event "Leutersdorf Muench Braeu op 10th"]
[Site "Leutersdorf"]
[Date "2005.02.??"]
[Round "3"]
[White "Lobzhanidze, Davit"]
[Black "Zebisch, Paul"]
[Result "1-0"]
[WhiteElo "2467"]
[BlackElo "2056"]
[PlyCount "59"]
[EventDate "2005.02.05"]
[EventType "swiss"]
[EventRounds "9"]
[EventCountry "GER"]
[SourceTitle "CBM 104 Extra"]
[Source "ChessBase"]
[SourceDate "2005.03.01"]
[SourceVersion "1"]
[SourceVersionDate "2005.03.01"]
[SourceQuality "1"]

1. e4 e5 2. Nf3 Nc6 3. Bb5 a6 4. Ba4 Nf6 5. d3 b5 6. Bb3 Bc5 7. 0-0 d6 8. c3 0-0 9. Nbd2 Qe7 10. h3 Be6 11. Re1 Bb6 12. Nf1 Na5 13. Bc2 c5 14. Ng3 Nc6 15. Nh4 Qd7 16. Nhf5 Ne7 17. Bg5 Nxf5 18. exf5 Bxf5 19. Bxf6 gxf6 20. Nxf5 Qxf5 21. d4 Qg5 22. dxe5 dxe5 23. Re4 Kh8 24. Qd6 Ba7 25. Rg4 Qh6 26. Rd1 Rg8 27. Qxa6 c4 28. Rxg8+ Kxg8 29. Qb7 Qf8 30. Be4 1-0

[Event "Leutersdorf Muench Braeu op 10th"]
[Site "Leutersdorf"]
[Date "2005.02.??"]
[Round "5"]
[White "Nagel, Gerhard"]
[Black "Zebisch, Paul"]
[Result "1/2-1/2"]
[WhiteElo "2017"]
[BlackElo "2056"]
[PlyCount "132"]
[EventDate "2005.02.05"]
[EventType "swiss"]
[EventRounds "9"]
[EventCountry "GER"]
[SourceTitle "CBM 104 Extra"]
[Source "ChessBase"]
[SourceDate "2005.03.01"]
[SourceVersion "1"]
[SourceVersionDate "2005.03.01"]
[SourceQuality "1"]

1. e4 e5 2. Nc3 Nf6 3. f4 d5 4. fxe5 Nxe4 5. d3 Nxc3 6. bxc3 Be7 7. Nf3 Bg4 8. Be2 Nc6 9. d4 Bh4+ 10. Nxh4 Qxh4+ 11. g3 Bxe2 12. Qxe2 Qh3 13. Ba3 a6 14. 0-0-0 Qh6+ 15. Kb1 Qe6 16. Ka1 Na5 17. h4 Nc4 18. Bb2 a5 19. Rb1 0-0 20. Bc1 Rae8 21. g4 f6 22. Bf4 fxe5 23. Bxe5 Nxe5 24. dxe5 b6 25. Rhe1 Rf4 26. Qd2 Rxg4 27. Rb5 Re4 28. Rxe4 dxe4 29. Rd5 Qh6 30. Qe1 Qf4 31. Kb2 e3 32. Qe2 Qe4 33. Qb5 Rf8 34. Rd4 Qf3 35. Qc4+ Kh8 36. Re4 Qf1 37. Qxf1 Rxf1 38. Rxe3 Rf7 39. Kb3 Kg8 40. Kc4 Rf4+ 41. Kd5 Kf7 42. Kc6 Ke6 43. Kxc7 Rxh4 44. Kxb6 Ra4 45. Kc5 g5 46. c4 Rxa2 47. Rh3 Rxc2 48. Kd4 Rd2+ 49. Ke3 Rd7 50. Ke4 Rd1 51. Rh6+ Ke7 52. Rxh7+ Ke6 53. Rh6+ Ke7 54. Rg6 Re1+ 55. Kd5 Rd1+ 56. Kc5 a4 57. Rxg5 a3 58. Rg7+ Kd8 59. Ra7 Ra1 60. Kc6 a2 61. c5 Ke8 62. e6 Kd8 63. Ra6 Ke7 64. Kc7 Rc1 65. Rxa2 Rxc5+ 66. Kb6 Re5 1/2-1/2